00237nam a22001097a 4500020001900000040000900019082001800028100002900046245001600075300000900091650002700100 a 9789693511291 cNUST a891.4393bBUT aButt, Dr Muhammad Yunus  aMazah Pursi b125P 2Urdu Literature-Staire